000
00359nam a2200169Ia 4500
005
20250425160904.0
008
250425s9999 xx 000 0 und d
041
_a
spa
082
_a
551.6
245
0
_a
CLIMATOLOGIA
250
_a
1A ED.
260
_a
EspaƱa
_b
OIKO
_c
1975
260
_a
S.L.
650
_a
CLIMATOLOGIA
942
_c
01
010
_a
7668
999
_c
198227
_d
198227